Picture Click Quiz - Harry Potter Movies #1 - Statistics

General Stats
  • This quiz has been taken 33 times
  • The average score is 6 of 8
Answer Stats
Hint Answer % Correct
Chamber of Secrets
Sleepy
95%
Goblet of Fire
Ray
89%
Philosopher's Stone
Pascal
84%
Half-Blood Prince
Flounder
79%
Prisoner of Azkaban
Louis
79%
Deathly Hallows Part 1
Bashful
68%
Deathly Hallows Part 2
Terk
63%
Order of the Phoenix
Meeko
58%
No matching quizzes found
Score Distribution
Percent of People with Each Score
Percentile by Number Answered
Your Score History
You have not taken this quiz